Computer fundamentals and programming in C (Record no. 183714)
[ view plain ]
| 000 -LEADER | |
|---|---|
| fixed length control field | 00405nam a2200145Ia 4500 |
| 005 - DATE AND TIME OF LATEST TRANSACTION | |
| control field | 20250502110443.0 |
| 008 - FIXED-LENGTH DATA ELEMENTS--GENERAL INFORMATION | |
| fixed length control field | 231217s9999 xx 000 0 und d |
| 020 ## - INTERNATIONAL STANDARD BOOK NUMBER | |
| International Standard Book Number | 9780195676546 |
| 082 ## - DEWEY DECIMAL CLASSIFICATION NUMBER | |
| Classification number | 001.6424C DEY;1 R |
| 100 ## - MAIN ENTRY--PERSONAL NAME | |
| Personal name | Dey, Pradip. Ghosh, Manas. |
| 245 #0 - TITLE STATEMENT | |
| Title | Computer fundamentals and programming in C |
| 260 ## - PUBLICATION, DISTRIBUTION, ETC. (IMPRINT) | |
| Date of publication, distribution, etc. | 2006 |
| Name of publisher, distributor, etc. | Oxford University Press |
| Place of publication, distribution, etc. | New Delhi |
| 300 ## - PHYSICAL DESCRIPTION | |
| Extent | v+817 |
| 942 ## - ADDED ENTRY ELEMENTS (KOHA) | |
| Koha item type | Books |
| Date last seen | Total Checkouts | Full call number | Accession number | Old discount | Price effective from | Category | Lost status | Damaged status | Department | Withdrawn status | bill date | Permanent Location | Current Location | Shelving location | Entry date | Vendor | Grants | Currency symbol | Conversion rate | Discount | Discount type | Total Renewals | Date checked out | Cost, replacement price | bill no. | Cost, normal purchase price |
|---|---|---|---|---|---|---|---|---|---|---|---|---|---|---|---|---|---|---|---|---|---|---|---|---|---|---|
| 26/01/2024 | 001.6424C DEY;1 R | 55378 | 26/01/2024 | Books | BCA | 13/02/2013 | Central Library | Central Library | MCA | 11/08/2009 | Publisher | DONATED | RS | 1 | Rupees | |||||||||||
| 24/07/2025 | 1 | 001.6424C DEY;2 R1 | 61762 | 25 | 26/01/2024 | Books | Central Library | 25/02/2014 | Central Library | RFID Kiosk | Central Library | 09/07/2010 | Royal Biblioman | MCA | RS | 1 | 73.75 | Rupees | 1 | 10/06/2025 | 221.25 | RB-062 | 295.00 |
